|
|
|
แสดงรายละเอียดบรรณานุกรม |
|
|
Brief Record
: Get Marc (ISO 2709)
: E-mail record
: |
| LEADER : 00000nam 2200000uu 4500 | |||
| 001 13399129192 | |||
| 003 ULIB | |||
| 008 260511s2566||||th 000 0 tha d | |||
| 020 ^ ^a9786168012352 | |||
| 060 ^ ^aWY100.1^bส226ค | |||
| 100 0 ^aสภาการพยาบาล. | |||
| 245 1 ^aคู่มือการจัดการเรียนการสอนวิชาการรักษาโรคเบื้องต้นสำหรับหลักสูตรพยาบาลศาสตรบัณฑิต/^cสภาการพยาบาล. | |||
| 250 ^ ^aพิมพ์ครั้งที่ 1. | |||
| 260 ^ ^aนนทบุรี:^bบจก. สำนักพิมพ์สื่อตะวัน.,^c2566. | |||
| 300 ^ ^a344หน้า:^bภาพประกอบ, ตาราง;^c29ซม. | |||
| 505 0 ^a ^tสารบัญ :ความเป็นมา - - ^tการซักประวัติสุขภาพ - - ^tกลุ่มอาการในระบบหู คอ จมูก และตา - - ^tกลุ่มอาการในระบบทางเดินหายใจ - - ^tกลุ่มอาการในระบบหัวใจและหลอดเลือด และกลุ่มอาการทางโลหิตวิทยา - - ^tกลุ่มอาการในระบบทางเดินอาหาร - - ^tกลุ่มอาการในระบโครงร่างและกล้ามเนื้อ - - ^tกลุ่มอาการในระบบประสาท - - ^tกลุ่มอาการในระบบทางเดินปัสสาวะ - - ^tกลุ่มอาการในระบบสืบพันธุ์สตรี - - ^tกลุ่มอาการในระบบผิวหนัง - - ^tยาที่ใช้ในการรักษาโรคเบื้องต้น - - ^tการส่งต่อผู้ป่วย. | |||
| 650 ^ ^aNursing Care. | |||
| 650 ^ ^aการซักประวัติผู้ป่วย. | |||
| 650 ^ ^aการพยาบาล. | |||
| 650 ^ ^aการรักษาโรค. | |||
| 650 ^ ^aการรักษาโรคเบื้องต้น. | |||
| 999 ^aประนอม เกษจรัล | |||
| คุณยังไม่ได้ล็อกอิน คุณสามารถมีกิจกรรมร่วมกับเว็บไซต์ได้ แต่ต้องล็อกอินก่อน :: |
|
รายการสื่อสารสนเทศ |
| สถานะ | |||||
| 1. | หนังสือสำรอง สถานะ=หนังสือสำรอง | WY100.1 ส226ค ฉ.1 Barcode: 012089 | ►หนังสือทั่วไป | บนชั้น *เพิ่งรับคืน | |
| 2. | Book การพยาบาล | WY100.1 ส226ค ฉ.2 Barcode: 012090 | ►หนังสือทั่วไป | บนชั้น *เพิ่งรับคืน | |
| 3. | Book การพยาบาล | WY100.1 ส226ค ฉ.3 Barcode: 012091 | ►หนังสือทั่วไป | บนชั้น *เพิ่งรับคืน | |
| 4. | Book การพยาบาล | WY100.1 ส226ค ฉ.4 Barcode: 012092 | ►หนังสือทั่วไป | บนชั้น *เพิ่งรับคืน | |
| 5. | Book การพยาบาล | WY100.1 ส226ค ฉ.5 Barcode: 012094 | ►หนังสือทั่วไป | บนชั้น *เพิ่งรับคืน | |
BibComment |
| คอมเมนท์ทรัพยากรรายการนี้ |
|
| |
Copyright 2026. Bcnsprnw @Library |
|